| 000 | 00677nam a2200217 i 4500 | ||
|---|---|---|---|
| 001 | 100195 | ||
| 003 | ES-MaACL | ||
| 005 | 20230906182627.0 | ||
| 007 | t| | ||
| 008 | 050922s1985 sp ||||1| spa d | ||
| 020 | _a84-7111-216-7 | ||
| 080 | _a343.73 | ||
| 100 | 1 |
_aMartos Núñez, Juan Antonio. _978555 |
|
| 245 | 1 | 3 |
_aEl delito de receptación / _cJuan Antonio Martos Núñez; prólogo de José Mª Navarrete Urieta. |
| 260 |
_aMadrid : _bMontecorro, _c1985. |
||
| 300 |
_a446 p. ; _c24 cm. |
||
| 504 | _aBibliografía : p. 423-437. | ||
| 650 | 4 |
_aReceptación. _9148303 |
|
| 700 | 1 |
_aNavarrete Urieta, José María. _985048 |
|
| 852 |
_aES-MaACL _jL-8121 _bR.108760 |
||
| 999 |
_c100195 _d100195 |
||